[Event "DVM U10 2016"]
[Site "Magdeburg GER"]
[Date "2016.12.28"]
[Round "3"]
[White "Pietsch, Johann"]
[Black "Raasch, Hauke"]
[Result "0-1"]
[Termination "normal"]
[Board "6.2"]
[WhiteElo "1590"]
[BlackElo "1587"]
[WhiteClock "00:03:44"]
[BlackClock "00:21:18"]
[WhiteTeam "SV Roter Turm Halle 1"]
[BlackTeam "SC Eintracht Berlin"]
[PlyCount "184"]
[WhiteFideId "12987000"]
[BlackFideId "16210034"]
[EventCountry "GER"]
[EventRounds "7"]
[EventType "team-swiss"]
[EventDate "2016.12.27"]

1. e4 {[%clk 0:59:57]} d5 {[%clk 0:59:56]} 2. exd5 {[%clk 0:59:45]} Qxd5 {[%clk
0:59:47]} 3. Nc3 {[%clk 0:59:37]} Qa5 {[%clk 0:59:40]} 4. Nf3 {[%clk 0:59:14]}
c6 {[%clk 0:59:34]} 5. Be2 {[%clk 0:59:03]} Bf5 {[%clk 0:59:24]} 6. d3 {[%clk
0:58:27]} Qc7 {[%clk 0:59:12]} 7. Be3 {[%clk 0:57:57]} e6 {[%clk 0:59:02]} 8.
Qd2 {[%clk 0:57:48]} Nf6 {[%clk 0:58:49]} 9. O-O {[%clk 0:56:38]} Nbd7 {[%clk
0:58:45]} 10. Rfd1 {[%clk 0:55:47]} Bd6 {[%clk 0:58:34]} 11. h3 {[%clk
0:55:06]} O-O {[%clk 0:57:45]} 12. a3 {[%clk 0:51:00]} Rad8 {[%clk 0:57:14]}
13. Nh4 {[%clk 0:48:05]} Bg6 {[%clk 0:56:37]} 14. Nxg6 {[%clk 0:47:48]} hxg6
15. Bf3 Ne5 {[%clk 0:53:33]} 16. Qe2 {[%clk 0:46:14]} Nxf3+ {[%clk 0:52:44]}
17. Qxf3 {[%clk 0:45:50]} Nd5 {[%clk 0:52:02]} 18. Nxd5 {[%clk 0:41:33]} cxd5
{[%clk 0:50:42]} 19. c3 {[%clk 0:40:25]} b6 {[%clk 0:50:05]} 20. Rac1 {[%clk
0:38:32]} Rc8 {[%clk 0:48:22]} 21. Rc2 {[%clk 0:37:44]} Qe7 {[%clk 0:46:54]}
22. d4 {[%clk 0:34:30]} Rc7 {[%clk 0:46:32]} 23. Bf4 {[%clk 0:32:39]} Rfc8
{[%clk 0:45:58]} 24. Qg3 {[%clk 0:31:46]} Rd7 {[%clk 0:45:01]} 25. Re1 {[%clk
0:29:45]} Qd8 {[%clk 0:44:17]} 26. Be5 {[%clk 0:29:00]} Qc7 {[%clk 0:43:28]}
27. Re3 {[%clk 0:27:55]} Bxe5 {[%clk 0:43:09]} 28. Qxe5 {[%clk 0:27:43]} Qxe5
{[%clk 0:43:03]} 29. Rxe5 {[%clk 0:27:35]} Rdc7 {[%clk 0:43:00]} 30. f3 {[%clk
0:27:13]} Rc4 {[%clk 0:42:56]} 31. Kf2 {[%clk 0:26:45]} Rxd4 {[%clk 0:42:43]}
32. Ree2 {[%clk 0:25:23]} Rdc4 {[%clk 0:42:13]} 33. Rcd2 {[%clk 0:24:46]} Kf8
{[%clk 0:41:51]} 34. Ke3 {[%clk 0:22:11]} Ke7 {[%clk 0:41:23]} 35. Rd4 {[%clk
0:21:39]} Rxd4 {[%clk 0:41:12]} 36. Kxd4 {[%clk 0:21:32]} Kd6 {[%clk 0:41:08]}
37. Rf2 {[%clk 0:20:26]} e5+ {[%clk 0:40:38]} 38. Ke3 {[%clk 0:20:07]} Rc4
{[%clk 0:40:11]} 39. g3 {[%clk 0:19:02]} f5 {[%clk 0:39:49]} 40. Rd2 {[%clk
0:17:32]} g5 {[%clk 0:38:46]} 41. Rg2 {[%clk 0:17:16]} Rc7 {[%clk 0:38:28]} 42.
Rd2 {[%clk 0:17:02]} f4+ {[%clk 0:37:56]} 43. Kf2 {[%clk 0:15:58]} Ke6 {[%clk
0:37:21]} 44. Re2 {[%clk 0:15:21]} Kf6 {[%clk 0:36:35]} 45. Rd2 {[%clk
0:15:10]} Rd7 {[%clk 0:36:16]} 46. Rd3 {[%clk 0:14:26]} Ke6 {[%clk 0:34:54]}
47. Rd2 {[%clk 0:14:05]} e4 {[%clk 0:34:26]} 48. gxf4 {[%clk 0:12:17]} gxf4
{[%clk 0:34:15]} 49. Rd4 {[%clk 0:11:14]} e3+ {[%clk 0:33:46]} 50. Ke2 {[%clk
0:11:05]} Ke5 {[%clk 0:33:31]} 51. Ke1 {[%clk 0:10:29]} Rc7 {[%clk 0:33:07]}
52. Ke2 {[%clk 0:10:22]} Rc4 {[%clk 0:32:57]} 53. Rd1 {[%clk 0:10:02]} d4
{[%clk 0:32:44]} 54. Kd3 {[%clk 0:09:46]} b5 {[%clk 0:32:23]} 55. Rc1 {[%clk
0:08:56]} dxc3 {[%clk 0:31:25]} 56. bxc3 {[%clk 0:08:45]} a6 {[%clk 0:30:47]}
57. Rg1 {[%clk 0:08:28]} Kf6 {[%clk 0:30:38]} 58. h4 {[%clk 0:07:45]} g6 {[%clk
0:30:19]} 59. Rb1 {[%clk 0:07:24]} Kf5 {[%clk 0:29:56]} 60. Rg1 {[%clk
0:06:59]} Ra4 {[%clk 0:29:03]} 61. Ra1 {[%clk 0:06:56]} g5 {[%clk 0:28:39]} 62.
h5 {[%clk 0:06:43]} Kf6 {[%clk 0:28:18]} 63. Kc2 {[%clk 0:06:15]} Kg7 {[%clk
0:28:02]} 64. Kb3 {[%clk 0:06:11]} Kh6 {[%clk 0:27:51]} 65. Rh1 {[%clk
0:06:04]} Rc4 {[%clk 0:27:21]} 66. Rh2 {[%clk 0:05:57]} a5 {[%clk 0:27:00]} 67.
Rh1 {[%clk 0:05:46]} a4+ {[%clk 0:26:50]} 68. Kb2 {[%clk 0:05:40]} Rc5 {[%clk
0:26:25]} 69. Rh2 {[%clk 0:05:28]} Rd5 {[%clk 0:26:19]} 70. Rh1 {[%clk
0:05:19]} Rd2+ {[%clk 0:26:07]} 71. Kc1 {[%clk 0:05:14]} Rg2 {[%clk 0:25:33]}
72. Rh3 {[%clk 0:04:53]} Rg3 {[%clk 0:25:26]} 73. Rh2 {[%clk 0:04:42]} Rxf3
{[%clk 0:25:20]} 74. Re2 {[%clk 0:04:40]} Kxh5 {[%clk 0:25:03]} 75. Rh2+ {[%clk
0:04:39]} Kg4 {[%clk 0:24:47]} 76. Rg2+ {[%clk 0:04:37]} Rg3 {[%clk 0:24:33]}
77. Re2 {[%clk 0:04:36]} Kf3 {[%clk 0:24:19]} 78. Rh2 {[%clk 0:04:33]} Rg1+
{[%clk 0:23:43]} 79. Kc2 {[%clk 0:04:27]} Rg2+ {[%clk 0:23:37]} 80. Rxg2 {[%clk
0:04:21]} Kxg2 {[%clk 0:23:28]} 81. Kd3 {[%clk 0:04:20]} f3 {[%clk 0:23:17]}
82. Kxe3 {[%clk 0:04:19]} f2 {[%clk 0:23:07]} 83. Ke4 {[%clk 0:04:18]} f1=Q
{[%clk 0:22:58]} 84. c4 {[%clk 0:04:15]} Qxc4+ {[%clk 0:22:52]} 85. Ke5 {[%clk
0:04:13]} b4 {[%clk 0:22:30]} 86. Kf5 {[%clk 0:04:08]} b3 {[%clk 0:22:19]} 87.
Ke5 {[%clk 0:04:04]} b2 {[%clk 0:22:13]} 88. Kd6 {[%clk 0:04:02]} b1=Q {[%clk
0:22:01]} 89. Ke5 {[%clk 0:03:58]} Qbe4+ {[%clk 0:21:50]} 90. Kf6 {[%clk
0:03:54]} Qce6+ {[%clk 0:21:31]} 91. Kg7 {[%clk 0:03:52]} Q4g6+ {[%clk
0:21:18]} 92. Kf8 {[%clk 0:03:44]} Qgg8# 0-1

[Event "DVM U10 2016"]
[Site "Magdeburg GER"]
[Date "2016.12.28"]
[Round "3"]
[White "Hoffmann, Kay"]
[Black "Adelmeyer, Nelly"]
[Result "1-0"]
[Termination "normal"]
[Board "6.3"]
[WhiteElo "1059"]
[BlackElo "1144"]
[WhiteTeam "SC Eintracht Berlin"]
[BlackTeam "SV Roter Turm Halle 1"]
[PlyCount "75"]
[WhiteFideId "16227000"]
[BlackFideId "16203577"]
[EventCountry "GER"]
[EventRounds "7"]
[EventType "team-swiss"]
[EventDate "2016.12.27"]

1. d4 d5 2. Nf3 Nc6 3. e3 Nf6 4. c3 Bg4 5. Nbd2 e6 6. Bd3 Bd6 7. O-O O-O 8. Re1
Bxf3 9. Qxf3 e5 10. dxe5 Nxe5 11. Qe2 Neg4 12. Nf3 Qe7 13. e4 Ne5 14. Bf4 Nfg4
15. exd5 Nxd3 16. Qxd3 Qf6 17. Bxd6 Qxd6 18. Qf5 Nf6 19. Qe5 Nxd5 20. Qxd6 cxd6
21. Rad1 Nb6 22. Rxd6 Nc4 23. Rd7 Nxb2 24. Rb1 Rfd8 25. Rxb7 Rd1+ 26. Rxd1 Nxd1
27. Rb3 Rd8 28. h3 h6 29. Ne5 Rd2 30. Rb7 Rxa2 31. Rxf7 Nxc3 32. Rf3 Ne2+ 33.
Kh2 a5 34. h4 a4 35. h5 g5 36. hxg6 Kg7 37. Rf7+ Kg8 38. Nd7 1-0

[Event "DVM U10 2016"]
[Site "Magdeburg GER"]
[Date "2016.12.28"]
[Round "3"]
[White "Bungarten, Jona"]
[Black "Werner, Rosalie"]
[Result "1-0"]
[Termination "normal"]
[Board "7.1"]
[WhiteElo "1716"]
[BlackElo "1384"]
[WhiteTeam "SF Brackel"]
[BlackTeam "VSG 1880 Offenbach"]
[PlyCount "21"]
[WhiteFideId "16223608"]
[BlackFideId "16223748"]
[EventCountry "GER"]
[EventRounds "7"]
[EventType "team-swiss"]
[EventDate "2016.12.27"]

1. e4 e6 2. d4 d5 3. Nd2 Nf6 4. e5 Nfd7 5. f4 c5 6. c3 Nc6 7. Ndf3 Qb6 8. g3
Be7 9. h4 h6 10. Rb1 a6 11. c4 {nicht weiter nachvollziehbar} 1-0

[Event "DVM U10 2016"]
[Site "Magdeburg GER"]
[Date "2016.12.28"]
[Round "3"]
[White "Dixon, Laura Michaela"]
[Black "Stych, Paul"]
[Result "0-1"]
[Termination "normal"]
[Board "7.2"]
[WhiteElo "906"]
[BlackElo "1136"]
[WhiteTeam "VSG 1880 Offenbach"]
[BlackTeam "SF Brackel"]
[PlyCount "38"]
[WhiteFideId "16248708"]
[BlackFideId "16255615"]
[EventCountry "GER"]
[EventRounds "7"]
[EventType "team-swiss"]
[EventDate "2016.12.27"]

1. e4 e5 2. Nf3 Nc6 3. Bc4 Nf6 4. Nc3 Bc5 5. d3 h6 6. b3 d6 7. h3 O-O 8. Bb2
Be6 9. Bxe6 fxe6 10. O-O Nh7 11. Ne2 Ng5 12. Nxg5 Qxg5 13. Bc1 Qg6 14. Nc3 Bd4
15. Bb2 Rf4 16. g3 Qxg3+ 17. Kh1 Qxh3+ 18. Kg1 Qg3+ 19. Kh1 Rh4# 0-1

[Event "DVM U10 2016"]
[Site "Magdeburg GER"]
[Date "2016.12.28"]
[Round "3"]
[White "Kocharin, Timur"]
[Black "Hommer, Jeremy"]
[Result "0-1"]
[Termination "normal"]
[Board "8.1"]
[WhiteElo "1037"]
[BlackElo "1811"]
[WhiteTeam "SK Bebenhausen"]
[BlackTeam "SC Turm Lüneburg"]
[PlyCount "113"]
[WhiteFideId "16240936"]
[BlackFideId "12992577"]
[EventCountry "GER"]
[EventRounds "7"]
[EventType "team-swiss"]
[EventDate "2016.12.27"]

1. e4 c6 2. d4 d5 3. exd5 cxd5 4. c3 Nf6 5. Bd3 Bg4 6. Nf3 e6 7. Bf4 Nc6 8.
Nbd2 Bd6 9. Bxd6 Qxd6 10. Qb3 O-O 11. O-O a6 12. h3 Bh5 13. Rfe1 Bg6 14. Bxg6
hxg6 15. Ne5 b5 16. Qa3 Qxa3 17. bxa3 Nxe5 18. Rxe5 Nd7 19. Re3 Nb6 20. Rf3
Rfc8 21. Nb3 Na4 22. Rc1 Rc7 23. Nd2 Rac8 24. Nb1 Rc4 25. Kf1 Rxd4 26. Ke2 Re4+
27. Kd3 Nb2+ 28. Kd2 Ra4 29. g3 Nc4+ 30. Kc2 Nxa3+ 31. Nxa3 Rxa3 32. Kb2 Ra4
33. Rf4 Rxf4 34. gxf4 Rc4 35. f5 gxf5 36. Rh1 Rf4 37. Rh2 Kh7 38. Rg2 Kh6 39.
Kb3 g6 40. a3 Kh5 41. Kb2 Kh4 42. Rh2 Rf3 43. Kb3 Rxh3 44. Rxh3+ Kxh3 45. Kb4
e5 46. Ka5 e4 47. Kxa6 f4 48. Kxb5 e3 49. fxe3 fxe3 50. a4 e2 51. a5 e1=Q 52.
a6 Qxc3 53. Kb6 Qc8 54. a7 d4 55. a8=Q Qxa8 56. Kc5 Qd8 57. Kc4 0-1

[Event "DVM U10 2016"]
[Site "Magdeburg GER"]
[Date "2016.12.28"]
[Round "3"]
[White "Strzoda, Christian"]
[Black "Weide, Julian"]
[Result "1-0"]
[Termination "normal"]
[Board "8.2"]
[WhiteElo "849"]
[BlackElo "984"]
[WhiteTeam "SC Turm Lüneburg"]
[BlackTeam "SK Bebenhausen"]
[PlyCount "25"]
[WhiteFideId "16218450"]
[BlackFideId "16275209"]
[EventCountry "GER"]
[EventRounds "7"]
[EventType "team-swiss"]
[EventDate "2016.12.27"]

1. d4 Nf6 2. Nf3 e6 3. Bf4 d5 4. c3 Be7 5. e3 O-O 6. Bd3 Nc6 7. O-O Bd6 8. Ne5
Nh5 9. Qxh5 g6 10. Qh6 Nxe5 11. dxe5 Be7 12. Nd2 g5 13. Qxh7# 1-0

[Event "DVM U10 2016"]
[Site "Magdeburg GER"]
[Date "2016.12.28"]
[Round "3"]
[White "Rau, Levi Niklas"]
[Black "Helms, Finn"]
[Result "0-1"]
[Termination "normal"]
[Board "8.3"]
[WhiteElo "834"]
[BlackElo "913"]
[WhiteTeam "SK Bebenhausen"]
[BlackTeam "SC Turm Lüneburg"]
[PlyCount "74"]
[BlackFideId "16249143"]
[EventCountry "GER"]
[EventRounds "7"]
[EventType "team-swiss"]
[EventDate "2016.12.27"]

1. c4 c6 2. Nf3 d5 3. b3 Bf5 4. Bb2 Nf6 5. g3 e6 6. Bg2 Bc5 7. O-O O-O 8. e3
Nbd7 9. d4 Bb4 10. Ba3 Bxa3 11. Nxa3 Qe7 12. Qc1 Rac8 13. Ne5 Nxe5 14. dxe5 Ng4
15. Qb2 Nxe5 16. Qxe5 Qxa3 17. cxd5 cxd5 18. h3 h6 19. Qd4 Rfd8 20. Qd2 Rc2 21.
Qd1 Qb4 22. a3 Qxb3 23. Rb1 Qxa3 24. Rxb7 Qa6 25. Rb1 Ra2 26. Ra1 Rxa1 27. Qxa1
Qb6 28. Re1 a5 29. e4 dxe4 30. Bxe4 Bxh3 31. Bg2 Bg4 32. Re4 Bf5 33. Rf4 g5 34.
Ra4 Rd2 35. Qf1 Bd3 36. Qe1 Re2 37. Qf1 Rd2 {nicht mehr nachvollziehbar} 0-1

[Event "DVM U10 2016"]
[Site "Magdeburg GER"]
[Date "2016.12.28"]
[Round "3"]
[White "Flieger, Kaya Amelie Luna"]
[Black "Öz, Eren"]
[Result "0-1"]
[Termination "normal"]
[Board "8.4"]
[WhiteElo "738"]
[BlackElo "886"]
[WhiteTeam "SC Turm Lüneburg"]
[BlackTeam "SK Bebenhausen"]
[PlyCount "66"]
[EventCountry "GER"]
[EventRounds "7"]
[EventType "team-swiss"]
[EventDate "2016.12.27"]

1. e4 c5 2. Nc3 Nc6 3. Bb5 g6 4. Nf3 Bg7 5. d3 e6 6. Bg5 Nge7 7. O-O O-O 8. Na4
b6 9. h3 h6 10. Bxc6 dxc6 11. Bf4 b5 12. Nxc5 Bxb2 13. Rb1 Bg7 14. d4 Re8 15.
Be5 Bxe5 16. Nxe5 f6 17. Ng4 Kg7 18. Qf3 Rf8 19. Rb4 f5 20. exf5 Rxf5 21. Qe4
Qd6 22. Nd3 Nd5 23. Rb3 h5 24. Ne3 Nf6 25. Nxf5+ exf5 26. Qe1 Ne4 27. Ne5 Bb7
28. f3 Nf6 29. a4 Re8 30. axb5 c5 31. f4 Qxd4+ 32. Qe3 Qd5 33. Rd3 Qxg2# 0-1

[Event "DVM U10 2016"]
[Site "Magdeburg GER"]
[Date "2016.12.28"]
[Round "3"]
[White "Thomas, Anton"]
[Black "Schön, Florian"]
[Result "0-1"]
[Termination "normal"]
[Board "9.1"]
[WhiteElo "1187"]
[BlackElo "1152"]
[WhiteTeam "SC Erlangen"]
[BlackTeam "BSG Grün-Weiß Leipzig"]
[PlyCount "88"]
[BlackFideId "16259394"]
[EventCountry "GER"]
[EventRounds "7"]
[EventType "team-swiss"]
[EventDate "2016.12.27"]

1. e4 e5 2. Nf3 Nc6 3. Nc3 Nf6 4. Bc4 Nxe4 5. d3 Nxc3 6. bxc3 d5 7. Bb3 Bc5 8.
O-O O-O 9. d4 exd4 10. cxd4 Bd6 11. Qd3 Ne7 12. Bg5 h6 13. Bh4 Qd7 14. c3 Ng6
15. Bc2 Re8 16. Rfe1 b6 17. Ne5 Bxe5 18. dxe5 Bb7 19. Rad1 Nxh4 20. Qh7+ Kf8
21. c4 Ke7 22. cxd5 Kd8 23. Rd4 Ng6 24. Red1 Kc8 25. e6 Qe7 26. g3 Nf8 27. Qf5
f6 28. Ba4 Rd8 29. Bc6 Bxc6 30. dxc6 Rxd4 31. Rxd4 Qxe6 32. Qc2 a5 33. Qd2 Qxc6
34. Rd8+ Kb7 35. Rxa8 Kxa8 36. Qd8+ Kb7 37. Qxf8 Qe6 38. Qxg7 Qxa2 39. Qxf6 b5
40. Qf3+ c6 41. Qd1 b4 42. Qd7+ Kb6 43. Qd8+ Kb5 44. Qb8+ Ka4 0-1

[Event "DVM U10 2016"]
[Site "Magdeburg GER"]
[Date "2016.12.28"]
[Round "3"]
[White "Nguyen, Jenny Ha-Linh"]
[Black "Isbilir, Seydi"]
[Result "0-1"]
[Termination "normal"]
[Board "9.2"]
[WhiteElo "1061"]
[BlackElo "1091"]
[WhiteTeam "BSG Grün-Weiß Leipzig"]
[BlackTeam "SC Erlangen"]
[PlyCount "60"]
[WhiteFideId "16209729"]
[BlackFideId "16267184"]
[EventCountry "GER"]
[EventRounds "7"]
[EventType "team-swiss"]
[EventDate "2016.12.27"]

1. e4 e5 2. Nf3 Nc6 3. Bc4 Nf6 4. d3 h6 5. Be3 b6 6. O-O Be7 7. Bb5 Bb7 8. Bxc6
Bxc6 9. Nxe5 Bb7 10. Nc3 O-O 11. Qd2 d5 12. exd5 Bxd5 13. Rfe1 Kh7 14. d4 Rc8
15. Qd3+ Kg8 16. f3 c5 17. dxc5 Bxc5 18. Bxc5 Rxc5 19. Rad1 Re8 20. Nxd5 Nxd5
21. c4 f6 22. Ng6 Rxe1+ 23. Rxe1 Ra5 24. cxd5 Rxd5 25. Qb3 Qd6 26. Rd1 Qc5+ 27.
Kh1 Qa5 28. Ne7+ Kh7 29. Nxd5 b5 30. Rd4 Qe1# 0-1

[Event "DVM U10 2016"]
[Site "Magdeburg GER"]
[Date "2016.12.28"]
[Round "3"]
[White "Wolf, Jonas"]
[Black "Schulz, Leonard"]
[Result "1-0"]
[Termination "normal"]
[Board "9.3"]
[WhiteElo "902"]
[BlackElo "1119"]
[WhiteTeam "SC Erlangen"]
[BlackTeam "BSG Grün-Weiß Leipzig"]
[PlyCount "55"]
[WhiteFideId "16269500"]
[EventCountry "GER"]
[EventRounds "7"]
[EventType "team-swiss"]
[EventDate "2016.12.27"]

1. e4 e5 2. Nf3 Nc6 3. Nc3 Bc5 4. Bc4 Nf6 5. d3 d6 6. O-O Be6 7. Bb3 Qd7 8. Be3
Bd4 9. Ba4 h6 10. Nxd4 exd4 11. Bxd4 h5 12. h4 Rg8 13. Be3 Ng4 14. d4 d5 15.
exd5 Bxd5 16. Nxd5 Qxd5 17. Bg5 Qd6 18. Bxc6+ bxc6 19. Re1+ Kd7 20. g3 f6 21.
Bf4 Qd5 22. Qe2 Kc8 23. Qa6+ Kd7 24. Qb7 Rgc8 25. Bxc7 Qb5 26. Bb6+ Kd6 27.
Qe7+ Kd5 28. Qe6# 1-0

[Event "DVM U10 2016"]
[Site "Magdeburg GER"]
[Date "2016.12.28"]
[Round "3"]
[White "Pixa, Karl"]
[Black "Mimkes, Antal"]
[Result "1-0"]
[Termination "normal"]
[Board "10.1"]
[WhiteElo "1195"]
[BlackElo "1168"]
[WhiteTeam "SV Dresden-Striesen"]
[BlackTeam "KSV Rochade Göttingen"]
[PlyCount "56"]
[WhiteFideId "16240480"]
[BlackFideId "16265963"]
[EventCountry "GER"]
[EventRounds "7"]
[EventType "team-swiss"]
[EventDate "2016.12.27"]

1. d4 d5 2. c4 e6 3. Nc3 Nf6 4. Bg5 Nbd7 5. Nf3 c6 6. a3 Be7 7. e3 O-O 8. Be2
b6 9. O-O Bb7 10. b4 Rc8 11. c5 Ne4 12. Bxe7 Qxe7 13. Nxe4 dxe4 14. Nd2 f5 15.
Nc4 Ba6 16. Nd6 Bxe2 17. Qxe2 Rb8 18. Rad1 Nf6 19. f3 Nd5 20. Qd2 exf3 21. Rxf3
g6 22. Rdf1 e5 23. Rh3 f4 24. Nc4 b5 25. Nxe5 fxe3 26. Qe1 Rxf1+ 27. Qxf1 Rf8
28. Rf3 Qh4 {nicht weiter nachvollziehbar} 1-0

[Event "DVM U10 2016"]
[Site "Magdeburg GER"]
[Date "2016.12.28"]
[Round "3"]
[White "Lesser, Luan"]
[Black "Richter, Nicholas"]
[Result "0-1"]
[Termination "normal"]
[Board "10.2"]
[WhiteElo "869"]
[BlackElo "1149"]
[WhiteTeam "KSV Rochade Göttingen"]
[BlackTeam "SV Dresden-Striesen"]
[PlyCount "88"]
[WhiteFideId "34640150"]
[BlackFideId "16244834"]
[EventCountry "GER"]
[EventRounds "7"]
[EventType "team-swiss"]
[EventDate "2016.12.27"]

1. e4 c5 2. Nc3 e6 3. f4 a6 4. Bc4 b5 5. Be2 Bb7 6. Nf3 d5 7. exd5 exd5 8. d4
c4 9. b3 Nf6 10. bxc4 dxc4 11. Ne5 Bb4 12. Bd2 Qxd4 13. Bf3 O-O 14. Bxb7 Bxc3
15. Bxa8 Bxa1 16. Nf3 Qb2 17. O-O Qxa2 18. Qxa1 Qxc2 19. Qb1 Qxb1 20. Rxb1 Rc8
21. Rc1 Nfd7 22. Bb7 Rc7 23. Bd5 Nf6 24. Re1 h6 25. Be4 c3 26. Bc1 b4 27. f5 a5
28. Bf4 Rc8 29. Bb7 Rd8 30. Bc7 Rd7 31. Bxb8 Rxb7 32. Bf4 b3 33. Rb1 c2 34. Rb2
a4 35. Nd4 a3 36. Rxb3 a2 37. Ra3 Rb1+ 38. Kf2 a1=Q 39. Rxa1 Rxa1 40. Nxc2 Ra2
41. Kg3 Nh5+ 42. Kf3 Nxf4 43. Nb4 Ra3+ 44. Kxf4 Ra4 0-1

[Event "DVM U10 2016"]
[Site "Magdeburg GER"]
[Date "2016.12.28"]
[Round "3"]
[White "Klose, Christopher"]
[Black "Schilling, Rumo"]
[Result "1-0"]
[Termination "normal"]
[Board "10.3"]
[WhiteElo "938"]
[BlackElo "600"]
[WhiteTeam "SV Dresden-Striesen"]
[BlackTeam "KSV Rochade Göttingen"]
[PlyCount "49"]
[BlackFideId "16283139"]
[EventCountry "GER"]
[EventRounds "7"]
[EventType "team-swiss"]
[EventDate "2016.12.27"]

1. e4 e5 2. Nf3 Nc6 3. Bc4 d5 4. exd5 Na5 5. Bb5+ Bd7 6. Bd3 Bg4 7. Nc3 Nf6 8.
h3 Bh5 9. Bb5+ c6 10. dxc6 bxc6 11. Ba4 e4 12. g4 Bg6 13. Ne5 Rc8 14. d3 exd3
15. Nxd3 Bb4 16. Nxb4 Qxd1+ 17. Nxd1 O-O 18. Ne3 Rfe8 19. Bd2 c5 20. Bxe8 Rxe8
21. Na6 Nc4 22. O-O-O Nxe3 23. Bxe3 Ne4 24. h4 f6 25. h5 1-0

[Event "DVM U10 2016"]
[Site "Magdeburg GER"]
[Date "2016.12.28"]
[Round "3"]
[White "Miranda Martin, Pablo Mateo"]
[Black "Pikalow, Michael"]
[Result "1/2-1/2"]
[Termination "normal"]
[Board "11.1"]
[WhiteElo "1001"]
[BlackElo "1441"]
[WhiteTeam "SV 1947 Walldorf"]
[BlackTeam "USC Magdeburg"]
[PlyCount "38"]
[BlackFideId "16227638"]
[EventCountry "GER"]
[EventRounds "7"]
[EventType "team-swiss"]
[EventDate "2016.12.27"]

1. e4 c5 2. Nf3 d6 3. d4 cxd4 4. Nxd4 Nf6 5. Nc3 g6 6. Bg5 Bg7 7. Be2 O-O 8.
Qd2 Qb6 9. O-O-O Nc6 10. Be3 Qb4 11. a3 Qa5 12. Nb3 Qc7 13. h4 h5 14. Bg5 Bd7
15. Bxf6 Bxf6 16. Nd5 Qb8 17. Nxf6+ exf6 18. Qxd6 Qxd6 19. Rxd6 Be6 1/2-1/2

[Event "DVM U10 2016"]
[Site "Magdeburg GER"]
[Date "2016.12.28"]
[Round "3"]
[White "Schiffner, Robin"]
[Black "Kögel, Fabio"]
[Result "1-0"]
[Termination "normal"]
[Board "11.2"]
[WhiteElo "1324"]
[BlackElo "989"]
[WhiteTeam "USC Magdeburg"]
[BlackTeam "SV 1947 Walldorf"]
[PlyCount "37"]
[WhiteFideId "16210328"]
[EventCountry "GER"]
[EventRounds "7"]
[EventType "team-swiss"]
[EventDate "2016.12.27"]

1. e4 Nf6 2. e5 Nd5 3. Nf3 d6 4. Bc4 Be6 5. d4 Nb4 6. Bxe6 fxe6 7. a3 N4c6 8.
Bd2 dxe5 9. dxe5 g6 10. Ng5 Qd5 11. O-O Qxe5 12. Bc3 Qxg5 13. Bxh8 e5 14. Qd2
Qxd2 15. Nxd2 Kf7 16. f4 Kg8 17. Bxe5 Nxe5 18. fxe5 Nc6 19. e6 1-0

[Event "DVM U10 2016"]
[Site "Magdeburg GER"]
[Date "2016.12.28"]
[Round "3"]
[White "Gan, Lukas Wentao"]
[Black "Herter, Arne"]
[Result "0-1"]
[Termination "normal"]
[Board "11.3"]
[WhiteElo "960"]
[BlackElo "1114"]
[WhiteTeam "SV 1947 Walldorf"]
[BlackTeam "USC Magdeburg"]
[PlyCount "89"]
[BlackFideId "16255372"]
[EventCountry "GER"]
[EventRounds "7"]
[EventType "team-swiss"]
[EventDate "2016.12.27"]

1. e4 e5 2. Nf3 Nc6 3. Bb5 Nf6 4. Nc3 Bc5 5. d3 O-O 6. O-O d6 7. Be3 Bb6 8. Qd2
Bxe3 9. fxe3 Re8 10. d4 a6 11. Bd3 exd4 12. exd4 Bg4 13. Qe3 Qd7 14. Rad1 d5
15. e5 Rad8 16. Qd2 Nh5 17. Rf2 Nxd4 18. Rdf1 Nxf3+ 19. Rxf3 Bxf3 20. Rxf3 Rxe5
21. a3 Rde8 22. Rf1 Qe7 23. Be2 Qh4 24. Qe1 Qg5 25. Qf2 g6 26. Qxf7+ Kh8 27.
Bd3 Qe7 28. Qxe7 R8xe7 29. Rf8+ Kg7 30. Rf1 c6 31. Ne2 c5 32. c4 Re3 33. Rd1
dxc4 34. Bxc4 b5 35. Bxb5 axb5 36. Ng3 Nxg3 37. hxg3 Rxg3 38. Kf2 Ree3 39. Rd7+
Kh6 40. Rb7 Rb3 41. Rc7 c4 42. Rb7 Rgd3 43. Ke2 Rxb2+ 44. Ke1 Rxa3 45. Rd7 0-1

[Event "DVM U10 2016"]
[Site "Magdeburg GER"]
[Date "2016.12.28"]
[Round "3"]
[White "Rabenstein, Jonathan"]
[Black "Lautenbach, Ferdinand"]
[Result "1-0"]
[Termination "normal"]
[Board "11.4"]
[WhiteElo "988"]
[BlackElo "852"]
[WhiteTeam "USC Magdeburg"]
[BlackTeam "SV 1947 Walldorf"]
[PlyCount "35"]
[WhiteFideId "16298462"]
[EventCountry "GER"]
[EventRounds "7"]
[EventType "team-swiss"]
[EventDate "2016.12.27"]

1. e4 e5 2. Nf3 Nc6 3. Bc4 Bc5 4. Nc3 d6 5. d3 Bg4 6. Bg5 Nf6 7. h3 Bh5 8. g4
Bg6 9. Qd2 h5 10. O-O-O hxg4 11. hxg4 Rg8 12. Rdf1 Nxg4 13. Bxd8 Rxd8 14. Rhg1
f5 15. Bxg8 fxe4 16. dxe4 Nd4 17. Nxd4 Bxd4 18. Rxg4 1-0

[Event "DVM U10 2016"]
[Site "Magdeburg GER"]
[Date "2016.12.28"]
[Round "3"]
[White "Lerchl, Clemens"]
[Black "Schuster, Pascal"]
[Result "1-0"]
[Termination "normal"]
[Board "12.1"]
[WhiteElo "1499"]
[BlackElo "1061"]
[WhiteTeam "SC Vaterstetten"]
[BlackTeam "SG Königskinder Hohentübingen"]
[PlyCount "61"]
[WhiteFideId "16226372"]
[EventCountry "GER"]
[EventRounds "7"]
[EventType "team-swiss"]
[EventDate "2016.12.27"]

1. e4 c5 2. Nf3 Nc6 3. d4 e6 4. Nc3 a6 5. Bg5 Nge7 6. dxc5 f6 7. Bf4 e5 8. Be3
Ng6 9. g3 d6 10. Bc4 Be7 11. Qd5 Rf8 12. O-O-O f5 13. cxd6 f4 14. dxe7 Qxe7 15.
Bc5 Qf6 16. Bxf8 Be6 17. Qxe6+ Qxe6 18. Bxe6 Nxf8 19. Bh3 Nb4 20. Nd5 Nc6 21.
Nc7+ Kf7 22. Nxa8 Kg8 23. Nb6 Kh8 24. Nd7 Ng6 25. Rd5 Nb4 26. Rc5 Nc6 27. Ndxe5
Ngxe5 28. Nxe5 Ne7 29. Rd1 b6 30. Rd8+ Ng8 31. Nf7# 1-0

[Event "DVM U10 2016"]
[Site "Magdeburg GER"]
[Date "2016.12.28"]
[Round "3"]
[White "Schickner, Jano"]
[Black "Kraftsik, Christian"]
[Result "0-1"]
[Termination "normal"]
[Board "12.2"]
[WhiteElo "982"]
[BlackElo "1136"]
[WhiteTeam "SG Königskinder Hohentübingen"]
[BlackTeam "SC Vaterstetten"]
[PlyCount "104"]
[BlackFideId "16242548"]
[EventCountry "GER"]
[EventRounds "7"]
[EventType "team-swiss"]
[EventDate "2016.12.27"]

1. e4 e5 2. Nf3 Nc6 3. Bb5 Nf6 4. d3 d6 5. c3 Bd7 6. O-O Be7 7. h3 O-O 8. Nbd2
h6 9. Re1 a6 10. Ba4 b5 11. Bb3 Re8 12. Nf1 Bf8 13. Ng3 Ne7 14. d4 Ng6 15. Nh4
Nxh4 16. Nh5 Nxh5 17. Qxh5 Qf6 18. Bxf7+ Qxf7 19. Qxh4 Be7 20. Qg3 Qh5 21. Be3
Rf8 22. Rad1 Bh4 23. Qh2 Rf7 24. g3 Bg5 25. Bxg5 Qxg5 26. Re2 exd4 27. cxd4 Re8
28. Qg2 c5 29. Red2 Bc6 30. d5 Bd7 31. f4 Qh5 32. a3 Bxh3 33. Qh2 Bg4 34. Qxh5
Bxh5 35. Re1 Bf3 36. e5 g5 37. Kf2 g4 38. exd6 Rxe1 39. Kxe1 Rd7 40. Rc2 Rxd6
41. Rxc5 Bxd5 42. Rc8+ Kg7 43. Rc7+ Kf6 44. Ke2 Bf3+ 45. Ke3 Re6+ 46. Kd4 Re2
47. Ra7 Re6 48. Rh7 Rd6+ 49. Kc5 Rc6+ 50. Kd4 Rc4+ 51. Kd3 Be4+ 52. Ke3 Bxh7
0-1